|
|
|
|
| LEADER |
00000naa2a2200000 4500 |
| 001 |
386778 |
| 005 |
20231101063522.0 |
| 035 |
|
|
|a (RuTPU)RU\TPU\prd\15880
|
| 090 |
|
|
|a 386778
|
| 100 |
|
|
|a 20030701a2003 k y0rusy50 ca
|
| 101 |
0 |
|
|a rus
|
| 102 |
|
|
|a RU
|
| 200 |
1 |
|
|a Современные нано- и микроконтроллеры расширяют возможности традиционных ПЛК
|f В. М. Васин
|
| 225 |
1 |
|
|a Технические средства АСУТП
|
| 320 |
|
|
|a Библиогр.: 3 назв.
|
| 461 |
|
1 |
|0 (RuTPU)RU\TPU\prd\2287
|t Промышленные АСУ и контроллеры
|o ежемесячный научно-технический производственный журнал
|d 2002-
|
| 463 |
|
1 |
|0 (RuTPU)RU\TPU\prd\15377
|t № 5
|v С. 37-38
|d 2003
|
| 610 |
1 |
|
|a нанотехнологии
|
| 610 |
1 |
|
|a наноконтроллеры
|
| 610 |
1 |
|
|a микроконтроллеры
|
| 700 |
|
1 |
|a Васин
|b В. М.
|
| 801 |
|
1 |
|a RU
|b 63413507
|c 20030701
|g PSBO
|
| 942 |
|
|
|c BK
|